| 000 | 00365nam a22001577a 4500 | ||
|---|---|---|---|
| 003 | SGT | ||
| 020 | _a97889351434467 | ||
| 082 | _a342.095 4,BAS | ||
| 100 | _aBASU DURGA DAS | ||
| 245 | _aINTRODUCTION TO THE CONSTITUTION INDIA | ||
| 250 | _a22TH | ||
| 260 |
_aGURGAON _bLEXIS NEXIS _c2015 |
||
| 300 | _a554 | ||
| 650 | _aTHE CONSTITUTION INDIA | ||
| 942 |
_2ddc _cBK |
||
| 999 |
_c10864 _d10864 |
||